Formula One Quotes - Statistics

General Stats
  • This quiz has been taken 71 times
    13 since last reset
  • The average score is 15 of 20
Answer Stats
Hint Answer % Correct
Christian Horner: If you've got a problem, change your ____ car! fucking
100%
Toto Wolff: No Mikey no no! That was so not ____! right
100%
Charles Leclerc: I am ____! I am ____! stewpid
100%
Lando Norris: I can't! It's ____! It's ____! bwoken
89%
Kimi Raikkonen: Just leave me alone I know what I'm ____! doing
89%
Max Verstappen: You know what that is? Simply ____. I tell you guys! lovely
89%
Ferrari: Box now box. Box now box for hard. Stay ____! Stay ____! out
89%
Lando Norris: It's Friday then, it's ____ ____ what? (2 words) Saturday Sunday
89%
Fernando Alonso: I think you have to leave a space! All the time you have to leave a ____! space
89%
Alfa Romeo: So they will add 5 seconds to your time after the race. Kimi Raikkonen: For ____?! what
89%
Daniel Ricciardo: I'm a high-performance athlete, and athletes sweat, sweat ____! baby
78%
Ferrari: Felipe! Fernando is ____ than you! Fernando is ____ than you! faster
78%
Kimi Raikkonen: ____! Mark! ____! Gloves
78%
McLaren: What damage do you have?Lando Norris: ____! Talent
78%
McLaren: Palmer has a 5 second time penalty. Fernando Alonso: Five second is a ____! yoke
78%
Nico Hulkenberg: Suck my ____, mate! balls
67%
McLaren: Palmer has retired. Fernando Alonso: ____! Karma
67%
Oscar Piastri: Yep, move of a world ____ that one. champion
44%
Romain Grosjean: I think ____ hit us Ericsson
44%
Mark Webber: ____'s in the wall Britney
11%
No matching quizzes found
Score Distribution
Percent of People with Each Score
Percentile by Number Answered
Your Score History
You have not taken this quiz since the last reset